| 000 | 00747nam a22002297a 4500 | ||
|---|---|---|---|
| 999 |
_c14835 _d14835 |
||
| 003 | AR-CdUCM | ||
| 008 | 190424b ||||| |||| 00| 0 spa d | ||
| 020 | _a978-612-46307-8-1 | ||
| 040 |
_aMUNICIPALIDAD PROVINCIAL DEL CUSCO _cBIBLIOTECA MUNICIPAL DEL CUSCO |
||
| 082 |
_aPI / 803 / _bG68 |
||
| 100 |
_aGómez Baca, Roberto Hipólito _933759 |
||
| 245 | _aAzhael y vivero / | ||
| 260 |
_aLima : _bGraph ediciones, _c2014. |
||
| 300 |
_a25 Páginas ; _bIlustraciones, _c21 cm. |
||
| 440 |
_aColección Perú mágico infantil _933760 |
||
| 650 |
_aLiteratura infantil _9588 |
||
| 650 |
_aCuentos _9217 |
||
| 650 |
_aPrimera infancia _924660 |
||
| 700 |
_aUlloa, Joan (ilustraciones) _933761 |
||
| 942 |
_2ddc _cLIBROS |
||
| 945 |
_adavv _d24/04/2019 |
||